Location and land use: toward a general theory of land rent
Saved in:
| Hovedforfatter: | |
|---|---|
| Format: | Bog |
| Sprog: | engelsk |
| Udgivet: |
Cambridge
Harvard University Press
1964
|
| Fag: | |
| Tags: |
Tilføj Tag
Ingen Tags, Vær først til at tagge denne postø!
|
MARC
| LEADER | 00000nam a2200000 a 4500 | ||
|---|---|---|---|
| 001 | UCR8740 | ||
| 003 | CL-VaPUC | ||
| 008 | 980529e19640000US |||||||||||||||||eng|d | ||
| 082 | 0 | 4 | |a 333.73 |b ALO |2 21 |
| 100 | 0 | |a Alonso, William |e author |9 410907 | |
| 245 | 1 | 0 | |a Location and land use: toward a general theory of land rent |
| 300 | |a 204 p | ||
| 942 | |c BK | ||
| 945 | |d 19980529 00:00:00 |a crobeson | ||
| 260 | |a Cambridge |b Harvard University Press |c 1964 | ||
| 650 | 7 | |a USO DE LAS TIERRAS |2 CL-VaPUC |9 358696 | |
| 650 | 7 | |a PROPIEDAD DE TERRENOS |2 CL-VaPUC |9 410908 | |
| 583 | |a last modification |c 19980529 00:00:00 |k Rodrigo Vera | ||
| 999 | |c 270135 |d 270133 | ||